As quatro estacoes /
Salvato in:
| Autore principale: | |
|---|---|
| Natura: | Sconosciuto |
| Lingua: | Portuguese |
| Pubblicazione: |
Río de Janeiro :
Guanabara,
1986.
|
| Soggetti: | |
| Tags: |
Aggiungi Tag
Nessun Tag, puoi essere il primo ad aggiungerne!!
|
MARC
| LEADER | 000000000a22000000004500 | ||
|---|---|---|---|
| 001 | 002726 | ||
| 020 | |a 8570302215 | ||
| 041 | 0 | |a por | |
| 082 | 0 | 4 | |a Br869.34 |b B933q |
| 100 | 1 | |a Bulhoes, Antonio | |
| 245 | 1 | 3 | |a As quatro estacoes / |c Antonio Bulhoes. |
| 260 | 1 | |a Río de Janeiro : |b Guanabara, |c 1986. | |
| 300 | |a 324 páginas | ||
| 500 | |a Colección George Yúdice | ||
| 650 | 4 | |a LITERATURA BRASILEÑA | |
| 650 | 4 | |a NOVELA | |
| 999 | |c 9085 |d 9085 | ||
| 942 | |c BK |h Br869.34 B933q |2 z | ||



